Entry Topical Term
Number of records used in: 8
001 - CONTROL NUMBER
003 - CONTROL NUMBER IDENTIFIER
005 - DATE AND TIME OF LATEST TRANSACTION
- control field:
20201118151912.0
008 - FIXED-LENGTH DATA ELEMENTS
- fixed length control field:
200516|| aca||babn | a|a d
040 ## - CATALOGING SOURCE
- Original cataloging agency:
OSt
150 ## - HEADING--TOPICAL TERM
- Topical term or geographic name entry element:
Technology
- Form subdivision:
Accounting
- General subdivision:
Advanced Accountancy
- General subdivision:
Management Accounting
- General subdivision:
Financial Accounting